000
00247nam a2200109Ia 4500
008
190912s9999||||xx |||||||||||||| ||und||
100
_a
Salman Tarik
245
0
_a
Landscapes of the Mind
260
_a
UK
_b
Oxford
_c
1997
300
_a
78
942
_c
BK
999
_c
7287
_d
7287